Managing database : (Record no. 180193)
[ view plain ]
| 000 -LEADER | |
|---|---|
| fixed length control field | 00921 a2200193 4500 |
| 003 - CONTROL NUMBER IDENTIFIER | |
| control field | NUST |
| 005 - DATE AND TIME OF LATEST TRANSACTION | |
| control field | 20230606174130.0 |
| 010 ## - LIBRARY OF CONGRESS CONTROL NUMBER | |
| LC control number | 83083114 |
| 020 ## - INTERNATIONAL STANDARD BOOK NUMBER | |
| International Standard Book Number | 0894351036 |
| 040 ## - CATALOGING SOURCE | |
| Transcribing agency | Nust |
| 082 00 - DEWEY DECIMAL CLASSIFICATION NUMBER | |
| Classification number | 005.74,GOR |
| 100 1# - MAIN ENTRY--PERSONAL NAME | |
| Personal name | Gorman, Michael M. |
| 9 (RLIN) | 36848 |
| 245 10 - TITLE STATEMENT | |
| Title | Managing database : |
| Remainder of title | four critical factors / |
| Statement of responsibility, etc. | Michael M. Gorman. |
| 260 ## - PUBLICATION, DISTRIBUTION, ETC. | |
| Place of publication, distribution, etc. | Wellesley, Mass. : |
| Name of publisher, distributor, etc. | QED Information Sciences, |
| Date of publication, distribution, etc. | c1984. |
| 300 ## - PHYSICAL DESCRIPTION | |
| Extent | xii, 243 p. ; |
| Other physical details | ill. ; |
| Dimensions | 24 cm. |
| 505 ## - FORMATTED CONTENTS NOTE | |
| Formatted contents note | Rationale For Database (Page-1), Technical Viewpoint (Page-15), Staffing Viewpoint (Page-41), Database And Data Administration (Page-53), The Project Viewpoint (Page-59), The Conceptual Specification Phase (Page-71), Implementation Phase (Page-101), Production And Administration Phase (Page-123), The DBMS Viewpoint (Page-133), Controlling Database Risk (Page-189), Summary (Page-205). |
| 650 #0 - SUBJECT ADDED ENTRY--TOPICAL TERM | |
| Topical term or geographic name entry element | Database management. |
| 942 ## - ADDED ENTRY ELEMENTS (KOHA) | |
| Source of classification or shelving scheme | |
| Koha item type | Book |
| Call number prefix | 005.74,GOR |
| Withdrawn status | Lost status | Source of classification or shelving scheme | Damaged status | Not for loan | Permanent Location | Current Location | Shelving location | Date acquired | Full call number | Barcode | Date last seen | Price effective from | Koha item type | Public note |
|---|---|---|---|---|---|---|---|---|---|---|---|---|---|---|
| Military College of Signals (MCS) | Military College of Signals (MCS) | General Stacks | 12/12/2016 | 005.74,GOR | MCS328 | 12/08/2016 | 12/12/2016 | Book | Almirah No.81, Shelf No.2 |
